[Event "77. C.to Provinciale VR"]
[Site "Verona ITA"]
[Date "2017.01.22"]
[Round "5.13"]
[White "Antolini, Aldo"]
[Black "Jirillo, Antonio"]
[Result "1/2-1/2"]
[WhiteElo "1660"]
[BlackElo "1593"]
[Annotator "Gabriele Ballarin"]
[PlyCount "69"]
[EventDate "2017.01.14"]
[EventType "swiss"]
[EventRounds "6"]
[EventCountry "ITA"]

1. e4 e6 2. d4 d5 3. Nd2 c5 4. c3 Nc6 5. Ngf3 cxd4 6. cxd4 dxe4 7. Nxe4 Bb4+ 8. Nc3 Nf6 9. Bd3 Nd5 10. Bd2 Qa5 11. Qc2 Bxc3 12. bxc3 Qc7 13. O-O Nce7 14. Ne5 Ng6 15. Bb5+ Ke7 16. Nf3 a6 17. Ba4 b5 18. Bb3 Bb7 19. Qd3 Nf6 20. Rac1 Be4 21. Qe3 Qb7 22. Rfe1 Bxf3 23. gxf3 Nh4 24. Bd1 Rad8 25. c4 Nf5 26. Qa3+ Kd7 27. d5 exd5 28. Qd3 g6 29. Bb3 Rhe8 30. cxd5 Rxe1+ 31. Rxe1 Re8 32. Rxe8 Nxe8 33. Bg5 Ned6 34. Qc3 Qc8 35. Qa5 1/2-1/2

[Event "77. C.to Provinciale VR"]
[Site "Verona ITA"]
[Date "2017.01.22"]
[Round "6.1"]
[White "Zanchetta, Nicola"]
[Black "Zenari, Marco"]
[Result "1-0"]
[WhiteElo "1967"]
[BlackElo "2024"]
[Annotator "Gabriele Ballarin"]
[PlyCount "53"]
[EventDate "2017.01.14"]
[EventType "swiss"]
[EventRounds "6"]
[EventCountry "ITA"]

1. e4 c5 2. Nf3 d6 3. d4 cxd4 4. Nxd4 Nf6 5. Nc3 g6 6. Be3 Bg7 7. f3 O-O 8. Qd2 Nc6 9. O-O-O d5 10. exd5 Nxd5 11. Nxc6 bxc6 12. Nxd5 cxd5 13. Qxd5 Qc7 14. Qc5 Qb7 15. Qa3 Rb8 16. c3 Bf5 17. Ba6 Qc6 18. Bd3 Rfc8 19. Bxf5 gxf5 20. Rd3 f4 21. Bf2 Qg6 22. Rhd1 Qxg2 23. Bxa7 Rb7 24. Rg1 Qe2 25. Rd2 Rxa7 26. Qxa7 Qe5 27. Qd4 1-0

[Event "77. C.to Provinciale VR"]
[Site "Verona ITA"]
[Date "2017.01.22"]
[Round "6.4"]
[White "Benedetti, Maurizio"]
[Black "Goldoni, Claudio"]
[Result "0-1"]
[WhiteElo "1635"]
[BlackElo "2025"]
[Annotator "Gabriele Ballarin"]
[PlyCount "216"]
[EventDate "2017.01.14"]
[EventType "swiss"]
[EventRounds "6"]
[EventCountry "ITA"]

1. e4 e5 2. Nf3 Nc6 3. Bb5 g6 4. c3 Bg7 5. O-O Nge7 6. Re1 O-O 7. d4 exd4 8. cxd4 a6 9. Ba4 d6 10. h3 b5 11. Bb3 Na5 12. Bc2 Bb7 13. Nbd2 c5 14. Nb3 Nxb3 15. Bxb3 c4 16. Bc2 Nc6 17. Bg5 Qc7 18. Bf4 Rfe8 19. Qd2 Rad8 20. Bh6 Bh8 21. Rad1 Rd7 22. Qf4 Qb6 23. Qg3 Nxd4 24. Nxd4 Bxd4 25. Be3 Bxe3 26. Qxe3 Qxe3 27. Rxe3 Red8 28. b3 d5 29. exd5 Bxd5 30. bxc4 Bxc4 31. Rxd7 Rxd7 32. Re8+ Kg7 33. Bb3 Bxb3 34. axb3 Rd1+ 35. Kh2 Rd3 36. Ra8 Rd6 37. Kg3 Kf6 38. h4 Ke5 39. Ra7 f5 40. Re7+ Kd4 41. Rxh7 Kc3 42. Rh6 Kxb3 43. h5 Rd3+ 44. f3 gxh5 45. Rxa6 Rd4 46. Rf6 Rd5 47. Rh6 b4 48. Kf4 Kc2 49. Rxh5 b3 50. Rh8 Rb5 51. g4 fxg4 52. fxg4 b2 53. Rh1 b1=Q 54. Rxb1 Rxb1 55. g5 Kd3 56. Ke5 Rb5+ 57. Kf6 Ke4 58. g6 Rb6+ 59. Kf7 Kf5 60. g7 Rb7+ 61. Kf8 Kf6 62. g8=N+ Ke6 63. Nh6 Rh7 64. Ng4 Rf7+ 65. Ke8 Ra7 66. Kf8 Rb7 67. Nh6 Rh7 68. Ng8 Rh1 69. Kg7 Rg1+ 70. Kf8 Rg6 71. Ne7 Rf6+ 72. Ke8 Rh6 73. Ng8 Rh2 74. Kf8 Rh7 75. Ke8 Rh3 76. Kf8 Rg3 77. Nh6 Kf6 78. Ng8+ Ke6 79. Nh6 Rh3 80. Kg7 Rg3+ 81. Kf8 Rg6 82. Ng8 Rg1 83. Nh6 Rh1 84. Kg7 Rf1 85. Kh7 Rg1 86. Ng8 Rg2 87. Nh6 Rg1 88. Ng8 Kf7 89. Nh6+ Kf8 90. Nf5 Rg8 91. Nh6 Rg7+ 92. Kh8 Rg6 93. Kh7 Rf6 94. Ng8 Rf7+ 95. Kh8 Rg7 96. Nh6 Rg3 97. Nf5 Kf7 98. Ng7 Kg6 99. Ne6 Re3 100. Nf8+ Kh6 101. Kg8 Re7 102. Kh8 Rf7 103. Kg8 Re7 104. Kh8 Ra7 105. Kg8 Kg5 106. Kh8 Kf6 107. Nh7+ Kg6 108. Nf8+ Kf7 0-1

[Event "77. C.to Provinciale VR"]
[Site "Verona ITA"]
[Date "2017.01.22"]
[Round "6.7"]
[White "Pizzamano, Maria"]
[Black "Gneo, Marco"]
[Result "0-1"]
[WhiteElo "1349"]
[BlackElo "1755"]
[Annotator "Gabriele Ballarin"]
[PlyCount "72"]
[EventDate "2017.01.14"]
[EventType "swiss"]
[EventRounds "6"]
[EventCountry "ITA"]

1. e4 c5 2. Nf3 e6 3. c3 d5 4. exd5 Qxd5 5. d4 Nf6 6. Bb5+ Nc6 7. O-O Be7 8. Be3 cxd4 9. Nxd4 O-O 10. Bxc6 bxc6 11. Nd2 Bb7 12. Qa4 c5 13. N4f3 Rfd8 14. Rfd1 Qh5 15. Qh4 Rxd2 16. Qxh5 Rxd1+ 17. Rxd1 Nxh5 18. Ne5 Nf6 19. Nd7 Nxd7 20. Rxd7 Rd8 21. Rxd8+ Bxd8 22. Bxc5 Bb6 23. Bxb6 axb6 24. a4 Kf8 25. g3 Ke7 26. Kf1 Kd6 27. b4 Kd5 28. Ke2 Kc4 29. Kd2 Be4 30. a5 bxa5 31. bxa5 Kb5 32. Ke3 Bb7 33. Kd4 f6 34. f4 Kc6 35. c4 Kd6 36. c5+ Kc6 0-1

[Event "77. C.to Provinciale VR"]
[Site "Verona ITA"]
[Date "2017.01.22"]
[Round "6.8"]
[White "Magnabosco, Mauro Denis"]
[Black "Peloni, Davide"]
[Result "1-0"]
[WhiteElo "1767"]
[BlackElo "1742"]
[Annotator "Gabriele Ballarin"]
[PlyCount "71"]
[EventDate "2017.01.14"]
[EventType "swiss"]
[EventRounds "6"]
[EventCountry "ITA"]

1. c4 e5 2. Nc3 Nc6 3. g3 f5 4. Bg2 Nf6 5. d3 Bc5 6. Nf3 d6 7. a3 a5 8. Bg5 h6 9. Bxf6 Qxf6 10. Nd5 Qd8 11. e3 Be6 12. Rb1 Qc8 13. b4 axb4 14. axb4 Bxd5 15. bxc5 Be6 16. cxd6 cxd6 17. Nh4 g5 18. Nf3 Qc7 19. O-O Qd7 20. Qe2 Bf7 21. Rb2 Bh5 22. Qd2 Ra7 23. Qc3 Rf8 24. Rfb1 f4 25. exf4 gxf4 26. Nh4 f3 27. Bf1 Nd4 28. Qd2 Qg7 29. Kh1 Rf7 30. Qe3 Qh7 31. c5 Nc6 32. cxd6 Bg4 33. Rc1 Ra3 34. Qc5 Ra5 35. Qc4 Nd4 36. Qxd4 1-0

[Event "77. C.to Provinciale VR"]
[Site "Verona ITA"]
[Date "2017.01.22"]
[Round "6.9"]
[White "Leone, Cataldo"]
[Black "Zenti, Edoardo"]
[Result "0-1"]
[WhiteElo "1620"]
[BlackElo "1676"]
[Annotator "Gabriele Ballarin"]
[PlyCount "48"]
[EventDate "2017.01.14"]
[EventType "swiss"]
[EventRounds "6"]
[EventCountry "ITA"]

1. e4 c5 2. c3 g6 3. d4 cxd4 4. cxd4 d5 5. Bb5+ Nc6 6. exd5 Qxd5 7. Bxc6+ Qxc6 8. Nf3 Bg4 9. Nbd2 Bg7 10. Qb3 Be6 11. Qc3 Qa6 12. Nb3 Rc8 13. Qa5 Qd3 14. Be3 Bc4 15. Qd2 Qf5 16. Rc1 Nf6 17. Na5 Ba6 18. Rxc8+ Qxc8 19. Qc3 O-O 20. Nb3 b6 21. Ne5 Qf5 22. Nd2 Rc8 23. g4 Rxc3 24. bxc3 Qc2 0-1

[Event "77. C.to Provinciale VR"]
[Site "Verona ITA"]
[Date "2017.01.22"]
[Round "6.11"]
[White "Kurylovich, Alena"]
[Black "Jimchi, Abdelaziz"]
[Result "1-0"]
[WhiteElo "1644"]
[BlackElo "1720"]
[Annotator "Gabriele Ballarin"]
[PlyCount "41"]
[EventDate "2017.01.14"]
[EventType "swiss"]
[EventRounds "6"]
[EventCountry "ITA"]

1. c4 e6 2. e4 d5 3. cxd5 exd5 4. e5 c6 5. d4 Bf5 6. Nc3 Nd7 7. Nf3 Bb4 8. a3 Ba5 9. Be2 h6 10. h3 Ne7 11. O-O O-O 12. b4 Bc7 13. Bf4 b5 14. a4 a6 15. a5 f6 16. Bh2 fxe5 17. dxe5 Ng6 18. Nd4 Bxe5 19. Bxe5 Ndxe5 20. f4 Nxf4 21. Nxf5 1-0

[Event "77. C.to Provinciale VR"]
[Site "Verona ITA"]
[Date "2017.01.22"]
[Round "6.14"]
[White "Jirillo, Antonio"]
[Black "Levan, Alessandro"]
[Result "1/2-1/2"]
[WhiteElo "1593"]
[BlackElo "1590"]
[Annotator "Gabriele Ballarin"]
[PlyCount "83"]
[EventDate "2017.01.14"]
[EventType "swiss"]
[EventRounds "6"]
[EventCountry "ITA"]

1. d4 d5 2. Nc3 e6 3. a3 Nf6 4. Bf4 c6 5. Nf3 h6 6. h3 Bd6 7. Bxd6 Qxd6 8. e3 Nbd7 9. Bd3 O-O 10. Ne5 Nxe5 11. dxe5 Qxe5 12. Qf3 d4 13. Ne4 Nxe4 14. exd4 Qxd4 15. Bxe4 f5 16. Bd3 e5 17. Qe2 Be6 18. O-O-O Qf4+ 19. Kb1 Rad8 20. g3 Qg5 21. Qxe5 Rfe8 22. Qc3 Qe7 23. Rhe1 Qf8 24. Re3 Bd5 25. Rde1 Rxe3 26. Rxe3 Bf7 27. Qe1 g6 28. Qc3 Re8 29. Qe1 Rxe3 30. Qxe3 Qe8 31. Qxe8+ Bxe8 32. Kc1 Kg7 33. Kd2 Bf7 34. Ke3 Kf6 35. h4 Ke5 36. f4+ Kd5 37. c4+ Kc5 38. b4+ Kd6 39. Kd4 Ke6 40. Be2 h5 41. Kd3 b6 42. a4 1/2-1/2

[Event "77. C.to Provinciale VR"]
[Site "Verona ITA"]
[Date "2017.01.22"]
[Round "6.15"]
[White "Fiscato, Claudio"]
[Black "Nori, Marco"]
[Result "0-1"]
[WhiteElo "1703"]
[BlackElo "1440"]
[Annotator "Gabriele Ballarin"]
[PlyCount "69"]
[EventDate "2017.01.14"]
[EventType "swiss"]
[EventRounds "6"]
[EventCountry "ITA"]

1. e4 c5 2. Nf3 e6 3. d4 cxd4 4. Nxd4 a6 5. Be3 d6 6. Nc3 Nf6 7. f3 Be7 8. Qd2 O-O 9. O-O-O Bd7 10. g4 e5 11. Nf5 Bxf5 12. exf5 Qc7 13. h4 Rd8 14. g5 Nh5 15. Nd5 Qd7 16. Nb6 Qxf5 17. Nxa8 Qe6 18. Qd5 Nc6 19. Qxe6 fxe6 20. Nb6 e4 21. fxe4 Ng3 22. Rg1 Nxe4 23. Bh3 d5 24. Nxd5 Bf8 25. Bb6 Ra8 26. Rdf1 a5 27. Rf3 Nb4 28. Nc7 Nxa2+ 29. Kd1 Rb8 30. Bxe6+ Kh8 31. Bxa2 Nc5 32. Rgf1 Nd7 33. Bxa5 g6 34. Rf7 b6 35. Bc3+ 0-1

[Event "77. C.to Provinciale VR"]
[Site "Verona ITA"]
[Date "2017.01.22"]
[Round "6.17"]
[White "Avanzini, Angelo"]
[Black "Venturini, Valter"]
[Result "1-0"]
[WhiteElo "1522"]
[BlackElo "1359"]
[Annotator "Gabriele Ballarin"]
[PlyCount "83"]
[EventDate "2017.01.14"]
[EventType "swiss"]
[EventRounds "6"]
[EventCountry "ITA"]

1. e4 d6 2. d4 Nf6 3. Nc3 Nbd7 4. Bc4 g6 5. Nf3 Bg7 6. e5 dxe5 7. dxe5 Ng4 8. Ng5 Ngxe5 9. Bb3 e6 10. O-O b6 11. Bxe6 fxe6 12. Nxe6 Qf6 13. Nxc7+ Kf7 14. Nxa8 Ba6 15. Qd5+ Qe6 16. Qxe6+ Kxe6 17. Nc7+ Kf7 18. Nxa6 Rf8 19. Rd1 Kg8 20. f4 Bh6 21. fxe5 Bxc1 22. Raxc1 Nxe5 23. Nb4 Kg7 24. Rd5 Ng4 25. Rd7+ Kg8 26. Re1 Nf6 27. Rxa7 Ng4 28. Ree7 Rd8 29. Rg7+ Kf8 30. Rxh7 Kg8 31. Rhg7+ Kf8 32. Rxg6 Ne5 33. Rxb6 Kg8 34. Rh6 Ng6 35. Nbd5 Rf8 36. Ne7+ Nxe7 37. Rxe7 Rb8 38. Ra6 Kf8 39. Nd5 Rd8 40. c4 Rxd5 41. cxd5 Kxe7 42. Rc6 1-0

[Event "49.CIS Serie C11"]
[Site "Padova"]
[Date "2017.03.24"]
[Round "1.1"]
[White "Pechy, Alaster"]
[Black "Mileto, Gabriele"]
[Result "1/2-1/2"]
[WhiteElo "2174"]
[BlackElo "2084"]
[Annotator "Gabriele Ballarin"]
[PlyCount "98"]
[EventDate "2017.03.24"]
[EventType "team"]
[EventRounds "5"]
[EventCountry "ITA"]
[WhiteTeam "Venezia Salvioli A"]
[BlackTeam "Venezia A.C.T.V "]
[WhiteTeamCountry "ITA"]
[BlackTeamCountry "ITA"]

1. e4 e5 2. Nf3 Nc6 3. d3 Nf6 4. g3 Bc5 5. Bg2 d5 6. Nbd2 dxe4 7. dxe4 O-O 8. O-O a5 9. a4 Qe7 10. c3 Rd8 11. Qe2 b6 12. Nc4 Ba6 13. Bg5 Qe6 14. b3 Bxc4 15. bxc4 h6 16. Bxf6 Qxf6 17. h4 g6 18. Bh3 Nb8 19. Rad1 Na6 20. Rxd8+ Rxd8 21. Rd1 Bd6 22. Kg2 Nc5 23. Qc2 Kg7 24. Nh2 h5 25. Nf3 Be7 26. Rd5 c6 27. Rxd8 Bxd8 28. Ne1 Qd6 29. f3 Bc7 30. Bc8 Kf8 31. Bh3 Ke8 32. Kf2 Bd8 33. Ke2 Be7 34. Nd3 Nxd3 35. Qxd3 Qxd3+ 36. Kxd3 Bc5 37. Ke2 b5 38. cxb5 cxb5 39. axb5 a4 40. Kd3 a3 41. Kc2 Kd8 42. Kb3 Kc7 43. Bf1 Bf2 44. Bc4 Kb6 45. Bxf7 Kxb5 46. Kxa3 Bxg3 47. Kb3 Bxh4 48. Bxg6 Kc5 49. Bxh5 Bg5 1/2-1/2

[Event "49.CIS Serie C11"]
[Site "Padova"]
[Date "2017.03.25"]
[Round "2.1"]
[White "Giuriato, Sergio"]
[Black "Mileto, Gabriele"]
[Result "0-1"]
[WhiteElo "1903"]
[BlackElo "2084"]
[Annotator "Gabriele Ballarin"]
[PlyCount "98"]
[EventDate "2017.03.24"]
[EventType "team"]
[EventRounds "5"]
[EventCountry "ITA"]
[WhiteTeam "Vicenza 3"]
[BlackTeam "Venezia A.C.T.V "]
[WhiteTeamCountry "ITA"]
[BlackTeamCountry "ITA"]

1. d4 Nf6 2. c4 g6 3. Nf3 Bg7 4. g3 O-O 5. Bg2 d6 6. Nc3 c6 7. O-O Qa5 8. h3 e5 9. e4 Nbd7 10. Re1 exd4 11. Nxd4 Ne5 12. Bf1 c5 13. Nc2 Be6 14. Ne3 Nc6 15. Ned5 Nd4 16. Bg5 Bxd5 17. cxd5 Rfe8 18. Kg2 b5 19. f3 Nd7 20. a4 Qb4 21. Rb1 a6 22. axb5 axb5 23. Bd2 c4 24. Ne2 Qb3 25. Nxd4 Qxd1 26. Rexd1 Bxd4 27. Bf4 Be5 28. Bxe5 Nxe5 29. f4 Nd7 30. Rd4 Nc5 31. e5 dxe5 32. fxe5 Rxe5 33. d6 Kf8 34. Kg1 Nb3 35. Rdd1 Rd8 36. Bg2 f5 37. Bf3 Kf7 38. Bd5+ Kf6 39. Bc6 Ke6 40. Re1 Nd4 41. Bg2 Rxd6 42. Rxe5+ Kxe5 43. Re1+ Kf6 44. h4 Nb3 45. Re8 Rd2 46. Rb8 Nd4 47. Rb7 Rxb2 48. Rxh7 c3 49. Bd5 c2 0-1

[Event "49.CIS Serie C11"]
[Site "Padova"]
[Date "2017.03.25"]
[Round "3.1"]
[White "Mileto, Gabriele"]
[Black "Bordignon, Angelo"]
[Result "1-0"]
[WhiteElo "2084"]
[BlackElo "1978"]
[Annotator "Gabriele Ballarin"]
[PlyCount "55"]
[EventDate "2017.03.24"]
[EventType "team"]
[EventRounds "5"]
[EventCountry "ITA"]
[WhiteTeam "Venezia A.C.T.V "]
[BlackTeam "Padova Micha Bishops"]
[WhiteTeamCountry "ITA"]
[BlackTeamCountry "ITA"]

1. d4 e6 2. c4 Bb4+ 3. Bd2 a5 4. g3 Nf6 5. Bg2 Bxd2+ 6. Qxd2 d6 7. Nc3 Nbd7 8. Nf3 O-O 9. O-O e5 10. dxe5 dxe5 11. Rfd1 Qe7 12. Rac1 c6 13. Qd6 Qxd6 14. Rxd6 Ne8 15. Rd2 f6 16. Na4 f5 17. Rcd1 e4 18. Ng5 Nef6 19. Ne6 Rf7 20. Nd4 g6 21. Nb3 b6 22. Rd6 Bb7 23. f3 Re8 24. fxe4 fxe4 25. Bh3 b5 26. Nc3 bxc4 27. Nxa5 Nf8 28. Nxb7 1-0

[Event "49.CIS Serie C11"]
[Site "Padova"]
[Date "2017.03.26"]
[Round "4.1"]
[White "Quaranta, Cristiano"]
[Black "Mileto, Gabriele"]
[Result "1-0"]
[WhiteElo "2109"]
[BlackElo "2084"]
[Annotator "Gabriele Ballarin"]
[PlyCount "51"]
[EventDate "2017.03.24"]
[EventType "team"]
[EventRounds "5"]
[EventCountry "ITA"]
[WhiteTeam "Padova Vecia Padova"]
[BlackTeam "Venezia A.C.T.V "]
[WhiteTeamCountry "ITA"]
[BlackTeamCountry "ITA"]

1. c4 Nf6 2. Nc3 g6 3. e4 d6 4. d4 Bg7 5. Bd3 O-O 6. Nge2 c5 7. d5 e6 8. h3 exd5 9. cxd5 Na6 10. O-O Nc7 11. Ng3 Rb8 12. a4 b6 13. Bg5 h6 14. Be3 a6 15. Qd2 h5 16. Bg5 Qd7 17. f4 Nh7 18. Bh4 Bh6 19. Qe2 Bb7 20. Nxh5 gxh5 21. Qxh5 Bg7 22. e5 f5 23. exf6 Nxf6 24. Bxf6 Rxf6 25. Ne4 Rh6 26. Qxh6 1-0

[Event "49.CIS Serie C11"]
[Site "Padova"]
[Date "2017.03.26"]
[Round "5.1"]
[White "Mileto, Gabriele"]
[Black "Desideri, Leonardo"]
[Result "1-0"]
[WhiteElo "2084"]
[BlackElo "1797"]
[Annotator "Gabriele Ballarin"]
[PlyCount "67"]
[EventDate "2017.03.24"]
[EventType "team"]
[EventRounds "5"]
[EventCountry "ITA"]
[WhiteTeam "Venezia A.C.T.V "]
[BlackTeam "Padova Micha Young"]
[WhiteTeamCountry "ITA"]

1. d4 f5 2. Nf3 e6 3. g3 Nf6 4. Bg2 d5 5. O-O Bd6 6. c4 c6 7. b3 Qe7 8. Bb2 O-O 9. Nbd2 Bd7 10. Ne5 Be8 11. Ndf3 Bh5 12. Nd3 Ne4 13. Nfe5 Nd7 14. f3 Ng5 15. Qc1 Nxe5 16. dxe5 Bc7 17. Ba3 Bb6+ 18. Kh1 c5 19. Nf4 Be8 20. cxd5 exd5 21. Nxd5 Qe6 22. Nxb6 axb6 23. Bb2 Nf7 24. Qc3 Bc6 25. f4 Bxg2+ 26. Kxg2 Rfd8 27. a4 Rd5 28. Rfd1 Rad8 29. Rd3 Nh6 30. Rad1 Qc6 31. Qc4 Ng4 32. Bc1 Qh6 33. h3 Kf8 34. Rxd5 1-0

[Event "49.CIS Serie Promozione Veneto G1"]
[Site "Monselice"]
[Date "2017.03.26"]
[Round "3.1"]
[White "Polato, Mirko"]
[Black "Renier, Renzo"]
[Result "1/2-1/2"]
[WhiteElo "1812"]
[BlackElo "1943"]
[Annotator "Gabriele Ballarin"]
[PlyCount "128"]
[EventDate "2017.03.26"]
[EventType "team"]
[EventRounds "3"]
[EventCountry "ITA"]
[WhiteTeam "Monselice"]
[BlackTeam "Cavarzere Gregianin"]
[WhiteTeamCountry "ITA"]
[BlackTeamCountry "ITA"]
[TimeControl "5400+30"]

1. d4 Nf6 2. Bf4 d6 3. e3 Nc6 4. Nf3 e6 5. Nbd2 Be7 6. h3 O-O 7. c3 Nd7 (7... Nd5 8. Bg3 f5) 8. Bh2 Bf6 9. Qc2 e5 10. d5 Ne7 11. e4 Ng6 12. O-O-O Bg5 13. Kb1 a5 14. g3 Nc5 15. Nb3 Nxb3 16. axb3 f5 17. Nxg5 Qxg5 18. h4 Qf6 (18... Qg4) 19. Bh3 fxe4 20. Bxc8 Raxc8 21. Rhf1 Qf3 22. Rde1 Ne7 (22... e3 23. c4 (23. fxe3 Qxf1 24. Rxf1 Rxf1+ 25. Ka2 Rcf8)) 23. c4 Qd3 $6 (23... Qg2 24. Bg1 Nf5) 24. Qxd3 exd3 25. Re3 Rce8 (25... d2 $1) 26. Rxd3 Nf5 27. Bg1 e4 28. Rdd1 e3 $6 (28... Rf6) 29. fxe3 Nxg3 30. Rxf8+ Rxf8 31. Kc2 Nf5 32. Bf2 Nh6 (32... Nd4+) 33. Bg3 Rf3 34. Bf4 Nf5 35. Kd3 Nxh4 (35... Rh3) 36. Rh1 Ng6 37. Ke2 Rxf4 38. exf4 Nxf4+ 39. Ke3 Ng6 40. Ke4 Ne7 41. Kf4 h6 42. Ra1 c6 $2 (42... g5+ 43. Ke4 b6 44. b4 axb4 45. Ra7 g4 46. Rxc7 g3 47. Kf3 Nf5 48. Rc6 h5 49. Kg2 h4 50. Kh3) 43. dxc6 bxc6 44. Rxa5 Kf7 45. b4 Ke6 46. Ra1 g5+ 47. Kg4 Ng6 48. Kh5 Ne5 49. Re1 Kd7 50. c5 Nd3 51. Rd1 Nxb4 52. Rxd6+ Kc7 53. Rxh6 Nd3 54. Rh7+ Kc8 55. Kxg5 Nxc5 56. Kf5 Nd3 57. Rh2 Kc7 58. Rd2 Nb4 59. Ke6 Na6 60. Rc2 Nb4 61. Rc4 Na6 62. b4 Kb6 63. Kd6 Kb5 64. Rxc6 Nxb4 {(=)} 1/2-1/2

[Event "49.CIS Serie Promozione Veneto G1"]
[Site "Monselice"]
[Date "2017.03.26"]
[Round "3.2"]
[White "Belloni, Umberto"]
[Black "Calicchia, Giovanni"]
[Result "1/2-1/2"]
[WhiteElo "1746"]
[BlackElo "1799"]
[Annotator "Gabriele Ballarin"]
[PlyCount "162"]
[EventDate "2017.03.26"]
[EventType "team"]
[EventRounds "3"]
[EventCountry "ITA"]
[WhiteTeam "Cavarzere Gregianin"]
[BlackTeam "Monselice"]
[WhiteTeamCountry "ITA"]
[BlackTeamCountry "ITA"]
[TimeControl "5400+30"]

1. d4 d5 2. Bf4 Nf6 3. c3 Nbd7 4. e3 e6 5. Bg3 Ne4 6. f4 Be7 7. Nd2 Ndf6 8. Bd3 Bd7 9. Bh4 c5 10. Bxf6 Nxf6 11. Ngf3 b5 12. Ne5 Qb6 13. O-O Rc8 14. Nxd7 Nxd7 15. Qg4 O-O 16. Qh3 f5 17. g4 g6 18. g5 Rf7 19. Qg2 b4 20. Nf3 Bd6 21. Qf2 Nf8 22. Rac1 Rfc7 23. Qd2 a5 24. Bb1 Rc6 25. Rcd1 Qc7 26. Ne5 Bxe5 27. fxe5 cxd4 28. cxd4 Nd7 29. h4 Nb6 30. b3 Rc3 31. Qe2 Na8 32. Rde1 Qb6 33. h5 Qd8 34. Qg2 Nc7 35. hxg6 hxg6 36. Qg3 Nb5 37. Qh4 Qe7 38. Qh6 Qh7 39. Qxh7+ Kxh7 40. Kf2 Na3 41. Re2 Kg7 42. Rh1 Nxb1 43. Rxb1 Rh8 44. Rg1 Rh4 45. Rg2 f4 46. exf4 Rxf4+ 47. Ke1 Rxd4 48. Kf2 Rf4+ 49. Ke1 Rff3 50. Kd2 Rfd3+ 51. Ke1 Rg3 52. Kd2 Rxg2 53. Rxg2 Rf3 54. Re2 Rf5 55. Kd3 Rxg5 56. Kd4 Rg4+ 57. Kc5 g5 (57... Re4 $1 58. Rd2 (58. Rxe4 dxe4 59. Kd4 g5 60. Kxe4 Kg6 61. Ke3 g4) 58... Rxe5 59. Kb6 d4 60. Rxd4 g5) 58. Kd6 Kf7 59. Rc2 d4 60. Rc7+ Kg6 61. Kxe6 d3 62. Rd7 Rg3 63. Rd5 g4 64. Kd7 Re3 65. e6 Kf6 66. Rd6 g3 67. e7+ Kf7 68. e8=Q+ Rxe8 69. Rxd3 Re7+ 70. Kd8 Re8+ 71. Kd7 Re7+ 72. Kd8 Re2 (72... g2 $1) 73. Rxg3 Rxa2 74. Kc7 Ra3 75. Rg5 Rxb3 76. Rxa5 Rc3+ 77. Kb6 b3 78. Rb5 Ke6 79. Ka5 Kd6 80. Ka4 Rc6 81. Rxb3 Ra6+ 1/2-1/2

[Event "49.CIS Serie Promozione Veneto G1"]
[Site "Monselice"]
[Date "2017.03.26"]
[Round "3.3"]
[White "Gialain, Mirco"]
[Black "Bagolin, Renzo"]
[Result "0-1"]
[WhiteElo "1461"]
[BlackElo "1798"]
[Annotator "Gabriele Ballarin"]
[PlyCount "52"]
[EventDate "2017.03.26"]
[EventType "team"]
[EventRounds "3"]
[EventCountry "ITA"]
[WhiteTeam "Monselice"]
[BlackTeam "Cavarzere Gregianin"]
[WhiteTeamCountry "ITA"]
[BlackTeamCountry "ITA"]
[TimeControl "5400+30"]

1. e4 e6 2. Nf3 d5 3. exd5 exd5 4. d4 Nf6 5. Bd3 Be7 6. h3 h6 7. O-O O-O 8. Bf4 Nbd7 $6 (8... Bd6) 9. Nbd2 $6 (9. Nc3) 9... c5 10. c4 Nb6 (10... cxd4 11. Nxd4 Nc5 12. N2f3 Bd6) 11. Be3 cxd4 (11... Be6) 12. Bxd4 Be6 13. Qc2 $2 (13. c5 Nbd7 14. b4) 13... dxc4 14. Nxc4 $4 Nxc4 15. Bxc4 Rc8 16. b3 b5 17. Bb2 bxc4 18. bxc4 Rxc4 19. Qe2 Qb6 20. Bxf6 Bxf6 21. Rab1 Qc7 22. Rfd1 Rc2 23. Qa6 Rxa2 24. Qb7 Qxb7 25. Rxb7 a5 26. Nd2 Rd8 0-1

[Event "49.CIS Serie Promozione Veneto G1"]
[Site "Monselice"]
[Date "2017.03.26"]
[Round "3.5"]
[White "Ferrari, Carlino"]
[Black "Aldrigo, Pietro"]
[Result "1-0"]
[WhiteElo "1593"]
[BlackElo "1440"]
[Annotator "Gabriele Ballarin"]
[PlyCount "71"]
[EventDate "2017.03.26"]
[EventType "team"]
[EventRounds "3"]
[EventCountry "ITA"]
[WhiteTeam "Cavarzere Gregianin"]
[BlackTeam "Monselice"]
[WhiteTeamCountry "ITA"]
[BlackTeamCountry "ITA"]
[TimeControl "5400+30"]

1. d4 Nf6 2. c4 e6 3. Nf3 b6 4. Nc3 Bb4 5. Qc2 Bb7 6. a3 Bxc3+ 7. Qxc3 O-O 8. Bg5 d6 9. Nd2 Nbd7 10. e4 e5 11. d5 Qc8 $6 (11... Nxd5 12. Bxd8 (12. cxd5 Qxg5 13. h4 (13. Qxc7 $2 Nc5 14. h4 Qh6 15. Be2 Rac8 16. Qe7 f6 17. Bg4 Rfe8 18. Be6+ Nxe6 19. Qxb7 Rc2) 13... Qd8)) 12. f3 c6 13. Rc1 cxd5 14. cxd5 a5 $2 (14... Qd8) 15. Bb5 Ba6 16. Bc6 Ra7 17. Nc4 Bxc4 18. Qxc4 Rc7 19. O-O Nc5 20. b4 axb4 21. axb4 Na6 22. b5 $2 (22. Qb5 Nb8 23. Qxb6) 22... Nc5 23. Ra1 Nfd7 $2 24. Be7 Nb8 25. Bxf8 (25. Bxd6) 25... Kxf8 26. Ra8 Ncd7 27. Rfa1 g6 28. Qb4 Nc5 29. Rxb8 Qxb8 30. Ra8 Qxa8 31. Bxa8 Rc8 32. Bc6 Rc7 33. Qa3 Ke7 34. Qa8 Nd7 35. Bxd7 Rxd7 36. Qc6 1-0

[Event "78. C.to Provinciale 14.Open"]
[Site "Ferrara ITA"]
[Date "2018.01.12"]
[Round "1"]
[White "Bindini, Daniele"]
[Black "Renier, Renzo"]
[Result "0-1"]
[WhiteElo "1624"]
[BlackElo "1936"]
[Annotator "Gabriele Ballarin"]
[PlyCount "76"]
[EventDate "2018.01.12"]
[EventType "swiss"]
[EventRounds "5"]
[EventCountry "ITA"]
[TimeControl "5400+30"]

1. d4 Nf6 2. Nf3 g6 3. c4 Bg7 4. Nc3 d5 5. Bf4 O-O 6. e3 c5 $1 7. Be2 (7. dxc5 Qa5) 7... cxd4 8. exd4 Nc6 9. O-O Bg4 10. Ne5 (10. c5 Ne4 11. Be3 (11. h3 Bxf3 12. Bxf3 Nxd4 13. Nxe4 dxe4 14. Bxe4 Rc8 15. b4 Qd7) 11... e6 12. h3 Bxf3 13. Bxf3 f5 14. Bxe4 dxe4 15. Qb3 Qd7 16. d5 exd5) 10... Bxe2 11. Nxe2 dxc4 (11... Nxe5 12. dxe5 (12. Bxe5 dxc4) 12... Nh5 13. cxd5 Nxf4 14. Nxf4 Bxe5) 12. Nxc4 Nd5 13. Be5 Nb6 (13... Nxe5 14. Nxe5 (14. dxe5 b5) 14... Qd6) 14. Bxg7 Kxg7 15. Nxb6 Qxb6 16. Rb1 e6 (16... Rfd8) 17. Qd3 Rfd8 18. Rfd1 Rd5 $6 (18... Rd6) 19. Qc3 Rad8 $6 (19... Kg8 $1) 20. a3 $2 (20. Nf4 $1 R5d6 21. d5+ Kg8 22. Qf3 exd5 23. Rxd5 Rxd5 24. Nxd5 Qc5 25. Nc3) 20... Kg8 (20... e5 $1) 21. g3 Nxd4 (21... e5 $1) 22. Nxd4 Rxd4 23. Rf1 Rd3 (23... Rd2) 24. Qf6 Qd4 25. Qe7 Rd7 26. Qe8+ Kg7 27. Qc8 h5 28. Kg2 h4 29. Rbe1 hxg3 (29... Qd5+ $1 30. f3 h3+ 31. Kg1 (31. Kxh3 Qh5+ 32. Kg2 Rd2+ 33. Rf2 Rxf2+ 34. Kxf2 Qxh2+ 35. Kf1 Qh1+ 36. Kf2 (36. Ke2 Qg2+ 37. Ke3 Qd2+ 38. Ke4 Qd4#) 36... Rd2+ 37. Ke3 Qxe1+) 31... Qd4+ 32. Rf2 (32. Kh1 Qxb2) 32... Rd1 33. Rxd1 Qxd1+ 34. Rf1 Qe2 35. Rf2 Rd1+) 30. Re3 (30. hxg3 Rd2 31. b4 Rd5 32. Qc1 Rf5) 30... Rxe3 (30... Qd5+ $1 31. Kxg3 Qg5+ 32. Kf3 R7d4 33. h3 Qf4+ 34. Kg2 Rxe3) 31. fxe3 Qxb2+ (31... Qe4+ 32. Kh3 g2 33. Qc3+ Kh7 34. Rf4 (34. Re1 Qf3+ 35. Kh4 g5+) 34... Qxf4) 32. Kxg3 Qe5+ 33. Kf3 Rd3 (33... Rd2) 34. Qc1 Qc3 35. Qxc3+ Rxc3 36. Ra1 b5 37. a4 b4 38. Rb1 a5 0-1